Biblical Antiquitie of Philo. (Record no. 1832)

MARC details
000 -LEADER
fixed length control field 00578nam a2200241 a 4500
020 ## - INTERNATIONAL STANDARD BOOK NUMBER
ISBN
082 00 - DEWEY DECIMAL CLASSIFICATION NUMBER
Classification number 220.9
Author Cutter JAM
100 ## - MAIN ENTRY--AUTHOR NAME
Author name James, M R
245 ## - TITLE STATEMENT
Title Biblical Antiquitie of Philo.
260 ## - PUBLICATION, DISTRIBUTION, ETC. (IMPRINT)
Place of publication New York
Name of publisher Macmillan Company
Year of publication 1917
300 ## - PHYSICAL DESCRIPTION
Number of Pages 280p
500 ## - GENERAL NOTE
General note includes index and biblioraphy
505 2# - FORMATTED CONTENTS NOTE
Formatted contents note Index, Bibliography
650 ## - SUBJECT ADDED ENTRY--TOPICAL TERM
Topical Term Bible-History
942 ## - ADDED ENTRY ELEMENTS (KOHA)
Koha item type Books
700 1# -
-- James, M R
Holdings
Home library Current library Date acquired Cost, normal purchase price Full call number Accession Number Koha item type
Henry Martyn Institute Library Henry Martyn Institute Library 06/18/2007 100.00 220.9 JAM 416 Archive Book
                   Copyright © 2026 | Henry Martyn Institute | Hyderabad | TS-500052 | INDIA | Implemented by hmi.edu.in
Hit-Count:

Powered by Koha